[Event "American Continental (Women) 11th"]
[Site "Envigado"]
[Date "2018.11.22"]
[Round "7"]
[White "Gonzalez Ochoa, Yoana"]
[Black "Marrero Lopez, Yaniet"]
[Result "0-1"]
[WhiteElo "2058"]
[BlackElo "2253"]
[PlyCount "56"]
[EventDate "2018.11.17"]
[EventType "swiss"]
[EventRounds "9"]
[EventCountry "COL"]
[SourceTitle "CBM 187 Extra"]
[Source "ChessBase"]
[SourceDate "2018.11.04"]
[SourceVersion "1"]
[SourceVersionDate "2018.11.04"]
[SourceQuality "1"]

1. e4 e5 2. Nf3 Nc6 3. Bb5 a6 4. Ba4 Nf6 5. 0-0 b5 6. Bb3 Bb7 7. Re1 Bc5 8. c3 0-0 9. d4 Bb6 10. Bg5 h6 11. Bh4 d6 12. dxe5 Nxe5 13. Nxe5 dxe5 14. Nd2 Qe7 15. Qf3 Rad8 16. Nf1 g5 17. Bg3 Rd6 18. Qf5 Nd7 19. Rad1 Kg7 20. Rxd6 cxd6 21. Ne3 Bxe3 22. Rxe3 Nf6 23. Qf3 Nxe4 24. Qh5 f5 25. Bc2 Nf6 26. Qh3 f4 27. Qf5 Qf7 28. Rd3 Bc8 0-1

[Event "Capablanca Memorial op 53rd"]
[Site "Havana"]
[Date "2018.05.16"]
[Round "7"]
[White "Gonzalez Ochoa, Yoana"]
[Black "Saiz Rodriguez, Daniel Evelio"]
[Result "0-1"]
[WhiteElo "2090"]
[BlackElo "2243"]
[PlyCount "98"]
[EventDate "2018.05.09"]
[EventType "swiss"]
[EventRounds "10"]
[EventCountry "CUB"]
[SourceTitle "EXT 2021"]
[Source "ChessBase"]
[SourceDate "2020.10.23"]
[SourceVersion "1"]
[SourceVersionDate "2020.10.23"]
[SourceQuality "1"]

1. e4 c5 2. Nf3 d6 3. d4 cxd4 4. Nxd4 Nf6 5. Nc3 a6 6. h3 e6 7. g4 b5 8. Bg2 Bb7 9. 0-0 Nfd7 10. Be3 b4 11. Nce2 Nc5 12. Ng3 Be7 13. a3 bxa3 14. b4 Ncd7 15. Rxa3 Ne5 16. Rc3 d5 17. f4 Nc4 18. exd5 Nxe3 19. Rxe3 Bxd5 20. f5 e5 21. Rxe5 Bxg2 22. Kxg2 0-0 23. c3 Bf6 24. Re4 Qc7 25. Qf3 Nd7 26. Nh5 Bg5 27. Nf4 Bxf4 28. Rxf4 Rac8 29. Ne2 Rfe8 30. Re4 Ne5 31. Qe3 Qc6 32. Rff4 Nc4 33. Qd4 Nd2 34. Qxd2 Rxe4 35. Rxe4 Qxe4+ 36. Kf2 h5 37. Qe3 Qc4 38. g5 Qb5 39. Qf3 Re8 40. Nd4 Qe5 41. Ne2 g6 42. fxg6 fxg6 43. Qd3 Qxg5 44. c4 Qf6+ 45. Kg2 Rf8 46. Qd5+ Kh7 47. Qc5 Qf3+ 48. Kg1 Qf1+ 49. Kh2 Qxe2+ 0-1